000 005150000a22001930004500
003 LK-CoMWRAF
005 20230916144720.0
008 230817t1999 ||||| |||| 00| 0 eng d
020 _a8174351658
040 _aLK-CoMWRAF
_dLK-CoMWRAF
_eLK-CoMWRAF
041 _aeng
082 _a297.122
_bSHA
100 _aShaikh, Wahid Bakhsh
245 _aEducation based on the teachings of Holy Quran
260 _aDelhi (India) :
_bAdam Publications,
_c1999
300 _a129p
650 _aQuran-Education
942 _cBK
999 _c1507
_d1507